Quick Pick: '-land' Countries Quiz Stats

 Plays Quiz Updated Jul 28, 2018

Challenge
Share
Tweet
Embed
Score 0/7 Timer 01:00
0 Plays Today
% Correct
New Zea
87.9%
Switzer
85.7%
Fin
85.6%
Thai
85.6%
Ice
83.4%
Ire
83%
Po
75.1%

Today's Daily Dose

You're not logged in!

Compare scores with friends on all Sporcle quizzes.
Join for Free
OR
Log In

You Might Also Like...

Show Comments

Extras

Top Quizzes Today


Score Distribution

Your Account Isn't Verified!

In order to create a playlist on Sporcle, you need to verify the email address you used during registration. Go to your Sporcle Settings to finish the process.

Report this User

Report this user for behavior that violates our Community Guidelines.

Details: